NARRATIVE AS TOPIC AND METHOD IN SOCIAL RESEARCH (Record no. 7335)

MARC details
000 -LEADER
fixed length control field 00308nam a2200121Ia 4500
008 - FIXED-LENGTH DATA ELEMENTS--GENERAL INFORMATION
fixed length control field 250327s9999 xx 000 0 und d
020 ## - INTERNATIONAL STANDARD BOOK NUMBER
International Standard Book Number 9781071851661
082 ## - DEWEY DECIMAL CLASSIFICATION NUMBER
Item number LOS
Classification number CQR
100 ## - MAIN ENTRY--PERSONAL NAME
Personal name DANILEEN R. LOSEKE
9 (RLIN) 34535
245 #0 - TITLE STATEMENT
Title NARRATIVE AS TOPIC AND METHOD IN SOCIAL RESEARCH
260 ## - PUBLICATION, DISTRIBUTION, ETC.
Name of publisher, distributor, etc. SAGE
942 ## - ADDED ENTRY ELEMENTS (KOHA)
Koha item type Book
Holdings
Date last seen Total Checkouts Full call number Barcode Cost, replacement price Price effective from Koha item type Lost status Source of classification or shelving scheme Damaged status Not for loan Withdrawn status Home library Current library Shelving location Date acquired Cost, normal purchase price
03/27/2025   001.4 LOS 003054 3683.40 03/27/2025 Book   Dewey Decimal Classification       Indian Institute of Management Visakhapatnam Indian Institute of Management Visakhapatnam General 03/27/2025 3683.40

Copyright © 2024 Indian Institute of Management Visakhapatnam
Koha v23.05